000 00990nam a22002177a 4500
999 _c169039
_d169039
005 20191104152335.0
010 _aB-730688
020 _c295.00
_a818935616X
035 _aB-730688
037 _bडी.बी.ए.डी./ उपहार
082 _a
100 _aशर्मा, गंगा प्रसाद
245 _aमनोरंजक जातक कथाएँ /
_cगंगा प्रसाद शर्मा
260 _aदिल्ली
_bफीनिक्स बुक इंटरनेशनल
_c2017
270 _a(बैक साइड) 1376,कश्मीरी गेट
_bदिल्ली
_e110006
300 _a71पृ.
_c24सेमी(सजिल्द)
_bसचित्र
650 _a हिन्दी नाटक
650 _a Hindi Darama
942 _2ddc
_cCH
_mशर्माग
_h